El derecho y la justicia en la Iglesia. Hacia una Teoría Fundamental del derecho canónico.

Saved in:
Bibliografiske detaljer
Hovedforfatter: Errázuriz Mackenna, Carlos José (autor)
Andre forfattere: Gutiérrez, José Luis (traducción)
Format: Ukendt
Udgivet: Pamplona, España: Eunsa. Ediciones Universidad De Navarra, S.A. 2023
Fag:
Tags: Tilføj Tag
Ingen Tags, Vær først til at tagge denne postø!

MARC

LEADER 00000 a2200000 4500
003 CL-VaPUC
005 20240429112712.0
008 240422t2023 ||||| |||| 00| 0 eng d
999 |c 443193  |d 443191 
020 |a 9788431338619 
040 |c Pontificia Universidad Católica de Valparaíso 
082 7 |a 262.9 ERR 2023  |2 22 
100 |a Errázuriz Mackenna, Carlos José   |9 887683  |e autor 
245 1 3 |a El derecho y la justicia en la Iglesia.   |b Hacia una Teoría Fundamental del derecho canónico. 
260 |a Pamplona, España:  |b Eunsa. Ediciones Universidad De Navarra, S.A.  |c 2023 
300 |a 337 páginas.  
583 |k GC  |c 20240422 
650 |a Derecho canónico  |x Filosofía  |9 873322 
700 |a Gutiérrez, José Luis  |e traducción   |9 862518 
942 |2 ddc  |c BK 
952 |0 0  |1 0  |2 ddc  |4 0  |6 262_900000000000000_ERR_2023  |7 0  |8 A  |9 594156  |a BIBDER  |b BIBDER  |d 2024-04-22  |e 3  |g 28546.00  |i 5660777  |l 1  |o 262.9 ERR 2023  |p 5660777  |r 2024-06-17  |s 2024-04-29  |t 1  |v 28546.00  |w 2024-04-22  |y BK  |k DER